25 umsatzstärksten Kinofilme - Statistiken

Allgemein
  • Dieses Quiz wurde 1.268 mal gespielt
  • Das Durchschnittsergebnis liegt bei 7 aus 25
Antwortstatistiken
Platz Einspielergebnis Antwort Jahr % Korrekt
4 2,263 Mrd. $ Titanic 1997
83%
2 2,799 Mrd. $ Avengers: Endgame 2019
66%
10 1,518 Mrd. $ Marvel's The Avengers 2012
63%
1 2,932 Mrd. $ Avatar - Aufbruch nach Pandora 2009
62%
25 1,187 Mrd. $ Barbie 2023
57%
3 2,320 Mrd. $ Avatar: The Way of Water 2022
55%
6 2,052 Mrd. $ Avengers: Infinity War 2018
47%
7 1,921 Mrd. $ Spider-Man: No Way Home 2021
36%
24 1,214 Mrd. $ Iron Man 3 2013
29%
5 2,069 Mrd. $ Star Wars: Das Erwachen der Macht 2015
28%
14 1,402 Mrd. $ Avengers: Age of Ultron 2015
23%
21 1,281 Mrd. $ Die Eiskönigin - Völlig unverfroren 2013
22%
18 1,332 Mrd. $ Star Wars: Die letzten Jedi 2017
22%
9 1,663 Mrd. $ Der König der Löwen 2018
21%
17 1,342 Mrd. $ Harry Potter und die Heiligtümer des Todes - Teil 2 2011
20%
15 1,382 Mrd. $ Black Panther 2018
17%
13 1,450 Mrd. $ Die Eiskönigin II 2019
15%
11 1,515 Mrd. $ Fast & Furious 7 2015
15%
8 1,671 Mrd. $ Jurassic World 2015
14%
16 1,356 Mrd. $ Der Super Mario Bros. Film 2023
13%
23 1,236 Mrd. $ Fast & Furious 8 2017
12%
12 1,495 Mrd. $ Top Gun: Maverick 2022
7%
19 1,310 Mrd. $ Jurassic World: Das gefallene Königreich 2018
6%
20 1,305 Mrd. $ Die Schöne und das Biest 2017
5%
22 1,243 Mrd. $ Die Unglaublichen 2 2018
1%
Keine übereinstimmenden Quizze gefunden
Verteilung der Resultate
Anzahl Personen mit jedem Resultat
Perzentil nach korrekt beantworteten Fragen
Ihre Resultats-Entwicklung
Sie haben dieses Quiz noch nicht gespielt